000 02459cam a22004454i 4500
003 PE-LiUPU
005 20250731165421.0
008 151228s2013 pe a grm 000 0 spa d
035 _a(Sirsi) a155604
040 _aPE-LiUPU
_bspa
_cPE-LiUPU
_erda
099 _aTE 3
_bC93 2013
100 1 _aCuellar Oyola, Nini Johana
_eautor
245 1 _aEfectividad del programa de educación "avanzar" basado en la educación holistica para la maduración neuropsicológica de los niños con síndrome de down en la edad de tres a seis años, de la fundación Andecol /
_cNini Johana Cuellar Oyola.
264 0 _c2013.
300 _a229 hojas :
_bilustraciones;
_c30 cm
336 _atext
_2rdacontent
337 _aunmediated
_2rdamedia
338 _avolume
_2rdacarrier
502 _aTesis
_b(Mg.) --
_cUniversidad Peruana Unión,
_d2013.
504 _aIncluye referencias
520 3 _aEl siguiente trabajo de investigación esbozará el proceso de estudio y los resultados obtenidos en la aplicación del programa "avanzar" y la maduración neuropsicológica de los niños con sindrome de Down en la edad de tres a seis años, de la Fundación Andecolo, Medellín-Colombia. En la parte inicial está el planteamiento del problema con sus respectivos objetivos de investigación, hipótesis y variables. Además de una recopilación de soportes investigativos que le dan el marco histórico. A continuación se verá la teoría que soporta el presente estudio. Como lo es el fundamento teórico del programa aplicado en la fundación. Andecol con el grupo experimental y por supuesto se registra los resultados de la prueba que se le aplicó al grupo control y experimental. Finalmente están las conclusiones que indicarán la relación que existe entre el programa "avanzar" y la madurez neuropsicológica de los niños con sindrome de Down entre tres a seis años.
526 _aSEG44
526 _aSEG26
526 _aP151
526 _aP150
526 _aP149
526 _aP146
526 _aP145
526 _aP126
526 _aP125
526 _aP92
526 _aP75
526 _aP74
526 _aP27
526 _aP15
650 0 4 _aPersonas con síndrome de Down
_xNeuropsicología
_xPlanes y programas
_vTesis.
596 _a1
942 _2ddc
_cTESIS
999 _aTE 3 C93 2013
_wALPHANUM
_c8280
_iT01389
_d8280
_lCCODEBUL3
_mBUL
_q1
_r1
_sY
_tTESIS
_u2015-12-28
_xPOSGRADO
_PP57
_o.STAFF. Tesis
980 _81
_gALBERTO SANCHEZ Responsable de Automatización